000 04060nab a2200289 i 4500
003 BR-BrBNA
005 20240227135015.0
008 240227b2006 bl.qr|p|oa||| 00| 0 por |
040 _aBR-BrBNA
_bpor
072 _aH10
100 _aCastro, D.P.
100 _aCardoso, M.G.
100 _aMoraes, J.C.
100 _aSantos, N.M.
100 _aBaliza, D.P.
245 _aNão-preferência de Spodoptera frugiperda (Lepidoptera: Noctuidae) por óleos essenciais de Achillea millefolium L. e Thymus vulgaris L.
500 _aPublicação on-line; 27 ref.; 2 illus.; Summaries (En, Pt)
520 _a RESUMO: As espécies Achillea millefolium e Thymus vulgaris, conhecidas como mil-folhas e tomilho produzem óleo essencial com atividade em insetos. O objetivo deste trabalho foi verificar a ocorrência de não-preferência para alimentação de Spodoptera frugiperda na presença de óleos essenciais, extraído pelo método “arraste a vapor” e diluído em etanol e água destilada na proporção de 1:1. Para o teste com chance de escolha, seções tratadas foram colocadas em placas de Petri, dispostas eqüidistantes. No centro de cada arena, foi liberada uma lagarta, com total de 20 repetições. No teste sem chance de escolha, as lagartas foram individualizadas em tubos de ensaio contendo uma seção de folha tratada. Após 24 horas, avaliou-se, em ambos os testes, a área foliar consumida. No teste sem chance de escolha, o consumo de folhas na testemunha (534,20 mm2) foi significativo, demonstrando que se alimentam menos na presença dos óleos essenciais. Entretanto, no teste com chance de escolha as lagartas preferiram as seções tratadas com mil-folhas a 0,0002%, com média de 221,20 mm2, em relação à testemunha e aos outros tratamentos. A preferência para o óleo de mil-folhas, sugere grande potencial atrativo em programas de manejo integrado de pragas. Palavras-chave: óleos essenciais, mil-folhas, tomilho, lagarta-do-cartucho
520 _a ABSTRACT: Feeding non preference of Spodoptera Frugiperda (Lepidoptera: Noctuidae) for Essential Oils of Achillea millefolium L. and Thymus vulgaris L. Medicinal plants such as Achillea millefolium and Thymus vulgaris; commonly referred to as yarrow and thyme, respectively; contain essential oils with insecticidal activity. In this work, we aimed to verify the feeding preferences of S. frugiperda regarding leaves with high contents of essential oils. Extraction was performed by stream distillation employing aerial part of the plants. The distilled product was diluted in 50% ethanol and 50% distilled water. In the free choice trial, corn leaf discs were dipped in each treatment and placed in Petri dishes containing wet filter paper and offered to 10-day old larvae. Distilled water dipped leaf discs were used as control. In non choice bioassays, 10 day old individual larva was placed in test tubes containing a treated leaf disc. For both assays the consumed foliar area was evaluated in each treatment for 24 hours. Results from the non choice assay for control discs were of 534,20 mm2 of foliar area, showing that the larvae ate less when exposed to leaf discs treated with essential oil. However in free choice assays, the larvae preferred leaf discs treated with yarrow essential oil at 0.0002 %, consuming 221.20 mm2 of leaf area compared to the control. Preference for yarrow soaked discs can be used in insect control to attract the larva to a lure in integrated pest management program. Key words: essential oils, yarrow, thyme, fall army worm
650 _aÓLEO ESSENCIAL
650 _aMIL FOLHAS
650 _aTOMILHO
773 0 _03543
_9313785
_dBotucatu-SP Instituto de Biociências - Departamento de Química e Bioquímica 1998
_o2024-0053
_tRevista Brasileira de Plantas Medicinais (Brazil)
_x1516-0572
_gv. 8(4) p. 27-32; (2006)
_wBR2024000071
856 _uhttps://www.sbpmed.org.br/admin/files/papers/file_70sxnAheOWMX.pdf
942 _cAnalítica
999 _c298608
_d298608